Statistics for Country Names - From Portuguese to English

Click here to take the quiz!

General Stats

  • This quiz has been taken 31 times
  • The average score is 40 of 50

Answer Stats

PortuguêsEnglish% Correct
EspanhaSpain
100%
TurquiaTurkey
100%
BélgicaBelgium
96%
República TchecaCzech Republic
96%
HungriaHungary
96%
IslândiaIceland
96%
MoldáviaMoldova
96%
MarrocosMorocco
96%
Arábia SauditaSaudi Arabia
96%
TurcomenistãoTurkmenistan
96%
UcrâniaUkraine
96%
Reino UnidoUnited Kingdom
96%
BielorrússiaBelarus
92%
DinamarcaDenmark
88%
NoruegaNorway
88%
SuíçaSwitzerland
88%
AlemanhaGermany
85%
CazaquistãoKazakhstan
85%
Ilhas MaldivasMaldives
85%
FilipinasPhilippines
85%
RuandaRwanda
85%
Coréia do SulSouth Korea
85%
Sudão do SulSouth Sudan
85%
IrlandaIreland
81%
QuirguistãoKyrgyzstan
81%
MalauíMalawi
81%
TailândiaThailand
81%
ArgéliaAlgeria
77%
GabãoGabon
77%
LíbanoLebanon
77%
EslováquiaSlovakia
77%
Estados UnidosUnited States
77%
Cabo VerdeCape Verde
73%
ChipreCyprus
73%
JordâniaJordan
73%
Nova ZelândiaNew Zealand
73%
IêmenYemen
73%
ButãoBhutan
69%
Guiné EquatorialEquatorial Guinea
69%
JapãoJapan
69%
MalásiaMalaysia
69%
PolôniaPoland
69%
CamarõesCameroon
65%
Costa do MarfimIvory Coast
65%
Ilhas MaurícioMauritius
65%
Países BaixosNetherlands
65%
SuéciaSweden
65%
QuêniaKenya
62%
Ilhas MarechalMarshall Islands
62%
Ilhas SalomãoSolomon Islands
62%

Score Distribution

Percentile by Number Answered

Percent of People with Each Score

Your Score History

You have not taken this quiz